| 000 | 01487nam a2200277 a 4500 | ||
|---|---|---|---|
| 005 | 20200104041608.0 | ||
| 008 | 140128b2004 ck ||||| |||| 00| 0 spa d | ||
| 041 | _aspa | ||
| 044 | _ack | ||
| 090 |
_aIAVH _b00782 |
||
| 100 |
_aHerrera, Luisa Fernanda _93512 |
||
| 245 | 1 | 0 |
_aBases conceptuales, diseño y prueba de una base de datos relacional de conocimiento tradicional y uso de recursos de flora y fauna _binforme final |
| 260 |
_aBogotá : _bInstituto Alexander von Humboldt, _c2004. |
||
| 300 |
_a182 p. _c28 cm. |
||
| 520 | _aIncluye una base de datos como herramienta de consulta sobre experiencias de conocimientos tradicionales tanto para comunidades indígenas, campesinas, negras y otras así como para la comunidad científica. Contiene información para adelantar investigaciones en distintas áreas,, puede señalar áreas en peligro entre otros. Permitira renir referencias de todo el aís provenientes de un sinnúmero de culturas, las cuales podran ser comparadas entre sí permitiendo llenar los vacíos de conocimiento existentes en el tema | ||
| 650 | 4 |
_aBases de datos _927438 |
|
| 650 | 4 |
_aConocimiento tradicional _992244 |
|
| 650 | 4 |
_aFlora _xusos _927440 |
|
| 650 | 4 |
_aFauna _xusos _927441 |
|
| 700 | 1 |
_aSarmiento, Adriana _95396 |
|
| 700 | 1 |
_aHoyos, Juan Felipe _95397 |
|
| 700 | 1 |
_aCabrera, Gabriel _95398 |
|
| 710 | 2 |
_aInstituto de Investigación de Recursos Biológicos Alexander von Humboldt _9204 |
|
| 942 |
_cINFORME _02 _2z |
||
| 945 | _d2008-06-11 | ||
| 999 |
_c6291 _d6291 |
||